| 000 | 00784nam a2200217Ia 4500 | ||
|---|---|---|---|
| 003 | OSt | ||
| 005 | 20250310141847.0 | ||
| 008 | 210716s2006 xx 000 0 und d | ||
| 020 | _a8181478843 | ||
| 040 | _cAIMIT LIBRARY | ||
| 041 | _aeng | ||
| 082 |
_a658.4062 _21 _bRAOM |
||
| 245 |
_aKnowledge management tools and techniques: _bpractitioners and experts evaluate km solutions / _cEdited by Madanmohan Rao. |
||
| 250 | _a1st ed. | ||
| 260 |
_aNew Delhi : _bReed Elsevier India Pvt Ltd ; _c2006. |
||
| 300 |
_axii,438p. ; _bPB _c22 cm. |
||
| 650 |
_aBuilding and sustaining communities of practice at ericsson research canada _9205383 |
||
| 650 |
_aCreativity the knowledge connector _9205384 |
||
| 700 |
_aRao, Madanmohan . _9205385 |
||
| 942 |
_2ddc _cBK _e1st ed. _k658.4062 RAOM |
||
| 999 |
_c202114 _d202114 |
||